000 00729nam a2200289Ia 4500
005 20260324115404.0
008 008 260324s9999 xx 000 0 eng d
020 _a9781315155548
037 _aEBOOK
040 _aCRL
040 _beng
040 _cCRL
041 _2eng
041 _aeng
084 _qCRL
100 _aArjun Dey; Anoop Kumar Mukhopadhyay
_91154470
245 0 _aNanoindentation of Natural Materials
245 0 _bHierarchical and Functionally Graded Microstructures
260 _bTaylor and Francis
260 _c2018
365 _a
365 _b400
856 _uhttp://www.taylorfrancis.com/books/9781315155548
942 _cEBOOK
999 _c1745320
_d1745320